01315cam a2200277 450000100060000000300080000600500170001400800410003103500190007204000320009104100080012308200180013110000260014924500730017525000110024826000580025930000490031749000730036650000610043950003550050050400400085561000130089565100400090883000120094883000770096025352BD-RjUL20211209050852.0140308s1969 ii bch b 001 0 eng d a(BD-RjUL)25421 aDLCcDLCdDLCdBD-RjULbeng aeng00a954bCOJ 19692 aCorreia-Afonso, John.10aJesuit letters and Indian history, 1542-1773 /cJohn. Correia-Afonso a2d ed. aBombay ;aNew York :bOxford University Press,c1969. axxviii, 211 p.bfacsims., map, port.c22 cm.1 aStudies in Indian history and culture of the Heras Institute, no. 20 aA revision of the author's thesis, University of Bombay. aAppendices (p. 168-187): A. An index to John Lockman's Travels of the Jesuits.--B. The chief contributions by Father H. Hosten, S.J., to the history of the Jesuits in India.--C. Archives of special interest in connection with Jesuit letters and Indian history.--D. Tentative list of the principal editions of the Jesuit letters from India, 1542-1773. aBibliography: p. 188-204. and Index20aJesuits. 0aIndiaxHistoryy1526-1765xSources. 0vno. 20. 0aStudies in Indian history and culture of the Heras Institute of Bombay ;